000 00331nam a2200133Ia 4500
008 260604s9999 xx 000 0 und d
020 _a9780749482978
082 _a174.4 HAY
100 _aHAYWARD
_935196
245 0 _aTHE BUSINESS GUIDE TO EFFECTIVE COMPLIANCE AND ETH
260 _bKOG
500 _aBusiness Ethics
942 _cBK
999 _c7958
_d7958